Práctica notarial (Record no. 133848)

MARC details
000 -LEADER
fixed length control field 01770cam a2200301 4500
005 - DATE AND TIME OF LATEST TRANSACTION
control field 20251014130814.0
008 - FIXED-LENGTH DATA ELEMENTS--GENERAL INFORMATION
fixed length control field 251014b ag |||||||| |||| 00| 0 spa d
020 ## - INTERNATIONAL STANDARD BOOK NUMBER
International Standard Book Number 9501402894 (o.c)
020 ## - INTERNATIONAL STANDARD BOOK NUMBER
International Standard Book Number 9501402908 (v.1)
020 ## - INTERNATIONAL STANDARD BOOK NUMBER
International Standard Book Number 9501403033 (v.2)
020 ## - INTERNATIONAL STANDARD BOOK NUMBER
International Standard Book Number 9501403491 (v.3)
020 ## - INTERNATIONAL STANDARD BOOK NUMBER
International Standard Book Number 9501403882 (v.4)
020 ## - INTERNATIONAL STANDARD BOOK NUMBER
International Standard Book Number 9501404293 (v.5)
020 ## - INTERNATIONAL STANDARD BOOK NUMBER
International Standard Book Number 9501404617 (v.6)
020 ## - INTERNATIONAL STANDARD BOOK NUMBER
International Standard Book Number 9501404986 (v.7)
020 ## - INTERNATIONAL STANDARD BOOK NUMBER
International Standard Book Number 9501405249 (v.8)
020 ## - INTERNATIONAL STANDARD BOOK NUMBER
International Standard Book Number 9501405303 (v.9)
050 04 - LIBRARY OF CONGRESS CALL NUMBER
Classification number KHA250
Item number G38 1986
100 1# - MAIN ENTRY--PERSONAL NAME
Personal name Gattari, Carlos Nicolás
245 #0 - TITLE STATEMENT
Title Práctica notarial
Statement of responsibility, etc / Carlos Nicolás Gattari
250 ## - EDITION STATEMENT
Edition statement 1a ed.
260 ## - PUBLICATION, DISTRIBUTION, ETC. (IMPRINT)
Place of publication, distribution, etc Buenos Aires :
Name of publisher, distributor, etc Ediciones Depalma,
Date of publication, distribution, etc 1986
300 ## - PHYSICAL DESCRIPTION
Extent 9 v. ;
Dimensions 24 cm.
504 ## - BIBLIOGRAPHY, ETC. NOTE
Bibliography, etc Incluye bibliografía
505 ## - FORMATTED CONTENTS NOTE
Title V.1 compraventa I-A, Modelos de escrituras, Comparecencia, Declaraciones de los sujetos negociales --
-- V.2 compraventa I-B, Constancias notariales, Instrumento notarial --
-- V.3 Poder irrevocable, Bien de familia, Actos previos a la escrituras, El porque de lo notarial --
-- V.4 Donación, Dación en pago, El notario, creador de derecho --
-- V.5 Certificación de formas, Confirmación y ratificación, Usufructo, Instrumento notarial y documento administrativo --
-- V.6 Los menores en el instrumento notarial, Expedición de copias, Valores de la escritura pública --
-- V.7 Actos de subsanación, Actos postescriturarios, Renta vitalicia, Distracto, Los certificados registrales, La imparcialidad del notario
Statement of responsibility / (con la colaboración de Juan Alberto Gardey) --
Title V.8 Escrituras judiciales y conexas con juicios, Tracto abreviado, Asesoramiento notarial --
-- V.9 Hipotecas, Buques y aeronaves, Secreto profesional y notarial.
650 #7 - SUBJECT ADDED ENTRY--TOPICAL TERM
Source of heading or term lemb
Topical term or geographic name as entry element Derecho notarial
General subdivision Argentina
942 ## - ADDED ENTRY ELEMENTS (KOHA)
Source of classification or shelving scheme Biblioteca del Cogreso de los Estados Unidos
Koha item type Libro
Holdings
Estado de pérdida Fuente de clasificación Estado del daño No para préstamo Ubicación permanente Ubicación actual Apartado o colección Fecha de adquisición Edición Enumeración de Serie / Cronológica Área del conocimiento Clasificación Código de Barras Date last seen Número de copia Costo por reposición Tipo de recurso
  Biblioteca del Cogreso de los Estados Unidos     Biblioteca de la Facultad de Derecho y Ciencias Sociales "Felipe J. Tena" Biblioteca de la Facultad de Derecho y Ciencias Sociales "Felipe J. Tena" General 07/02/2020 1a ed. T:1 Ciencias Sociales y Administrativas KHA250 G38 r1987 BFD000012091 07/02/2020 1 1.00 Libro
  Biblioteca del Cogreso de los Estados Unidos     Biblioteca de la Facultad de Derecho y Ciencias Sociales "Felipe J. Tena" Biblioteca de la Facultad de Derecho y Ciencias Sociales "Felipe J. Tena" General 07/02/2020 1a ed. T:2 Ciencias Sociales y Administrativas KHA450 G38 r1987 BFD000012092 07/02/2020 1 1.00 Libro
  Biblioteca del Cogreso de los Estados Unidos     Biblioteca de la Facultad de Derecho y Ciencias Sociales "Felipe J. Tena" Biblioteca de la Facultad de Derecho y Ciencias Sociales "Felipe J. Tena" General 07/02/2020 1a ed. T:3 Ciencias Sociales y Administrativas KHA250 G38 r1988 BFD000012093 07/02/2020 1 1.00 Libro
  Biblioteca del Cogreso de los Estados Unidos     Biblioteca de la Facultad de Derecho y Ciencias Sociales "Felipe J. Tena" Biblioteca de la Facultad de Derecho y Ciencias Sociales "Felipe J. Tena" General 07/02/2020 1a ed. T:4 Ciencias Sociales y Administrativas KHA250 G38 1987 BFD000012094 07/02/2020 1 1.00 Libro
  Biblioteca del Cogreso de los Estados Unidos     Biblioteca de la Facultad de Derecho y Ciencias Sociales "Felipe J. Tena" Biblioteca de la Facultad de Derecho y Ciencias Sociales "Felipe J. Tena" General 07/02/2020 1a ed. T:5 Ciencias Sociales y Administrativas KHA250 G38 1988 BFD000012095 07/02/2020 1 1.00 Libro
  Biblioteca del Cogreso de los Estados Unidos     Biblioteca de la Facultad de Derecho y Ciencias Sociales "Felipe J. Tena" Biblioteca de la Facultad de Derecho y Ciencias Sociales "Felipe J. Tena" General 07/02/2020 1a ed. T:6 Ciencias Sociales y Administrativas KHA250 G38 r1992 BFD000012096 07/02/2020 1 1.00 Libro
  Biblioteca del Cogreso de los Estados Unidos     Biblioteca de la Facultad de Derecho y Ciencias Sociales "Felipe J. Tena" Biblioteca de la Facultad de Derecho y Ciencias Sociales "Felipe J. Tena" General 07/02/2020 1a ed. T:7 Ciencias Sociales y Administrativas KHA250 G38 1989 BFD000012097 07/02/2020 1 1.00 Libro
  Biblioteca del Cogreso de los Estados Unidos     Biblioteca de la Facultad de Derecho y Ciencias Sociales "Felipe J. Tena" Biblioteca de la Facultad de Derecho y Ciencias Sociales "Felipe J. Tena" General 07/02/2020 1a ed. T:8 Ciencias Sociales y Administrativas KHA250 G38 1989 BFD000012098 07/02/2020 1 1.00 Libro
  Biblioteca del Cogreso de los Estados Unidos     Biblioteca de la Facultad de Derecho y Ciencias Sociales "Felipe J. Tena" Biblioteca de la Facultad de Derecho y Ciencias Sociales "Felipe J. Tena" General 07/02/2020 1a ed. T:9 Ciencias Sociales y Administrativas KHA250 G38 1990 BFD000012099 07/02/2020 9 1.00 Libro